Top 100 Most Popular NCS Songs - Statistics

General Stats
  • This quiz has been taken 60 times
  • The average score is 54 of 100
Answer Stats
Creator Title Views % Correct
Alan Walker Fade 448M (before remove)
95%
Cartoon, Jeja, Daniel Levi On & On 534M
88%
Warriyo, Laura Brehm Mortals 291M
86%
Janji, Johnning Heroes Tonight 355M
84%
Different Heaven, EH!DE My Heart 280M
84%
Disfigure Blank 257M
81%
DEAF KEV Invincible 284M
81%
Spektrem Shine 174M
81%
Alan Walker Spectre 295M (before remove)
81%
Tobu Candyland 70M (before remove)
79%
Elektronomia Sky High 263M
79%
Sub Urban Cradles 124M
77%
Lost Sky Fearless 43M
77%
Jim Yosef Firefly 81M
72%
Julius Dreisig, Zeus x Crona Invisible 150M
72%
Lost Sky Dreams 40M
70%
Syn Cole Feel Good 138M
70%
Cartoon, Jeja, Coleman Trapp Why We Lose 239M
70%
JJD Adventure 53M
67%
Tobu, Itro Cloud 9 125M (before remove)
67%
Alan Walker Force 122M (before remove)
67%
Tobu Hope 161M (before remove)
67%
Jim Yosef Link 75M
67%
Unknown Brain, Chris Linton Superhero 140M
67%
Lost Sky, Sara Skinner Dreams pt.II 115M
65%
Lost Sky, Chris Linton Fearless pt.II 224M
65%
Different Heaven Nekozilla 91M
65%
Egzod, Maestro Chives, Neoni Royalty 86M
65%
Ship Wrek, Zookeepers Ark 88M
63%
Lensko Circles 28M
63%
Elektronomia Energy 76M
63%
Desmeon Hellcat 76M
63%
JPB High 57M
60%
Lensko Let's Go 61M
60%
Diviniers, Philly K Savannah 72M
60%
Defqwop, Strix Heart Afire 50M (before remove)
58%
Lost Sky Lost 30M
58%
Culture Code, Karra Make Me Move 74M
58%
Diamond Eyes Everything 52M
56%
Robin Hustin, Tobi Morrow, Jex Light It Up 121M
56%
RetroVision Puzzle 42M
56%
Tobu, Itro Sunburst 86M (before remove)
56%
Diviniers, Contacreast Tropic Love 50M
56%
Diamond Eyes Flutter 43M
53%
Elektronomia Limitless 59M
53%
Jim Yosef, Anna Yvette Linked 39M
53%
Y&V Lune 32M
53%
Ahrix Nova 88M (before remove)
53%
Dirty Palm, Micah Martin Oblivion 44M
53%
Unknown Brain, Bri Tolani Why Do I 70M
53%
Axol, Alex Skrindo You 49M
53%
Unknown Brain, Rival, Jex Control 74M
51%
Tobu Infectious 77M (before remove)
51%
Razihel Love U 45M
51%
Unknown Brain, Marvin Divine MATAFAKA 77M
51%
Prismo Stronger 50M
51%
Cartoon, Jeja, Futuristik, Mikk Mae C U Again 56M
49%
Laszlo Fall To Light 38M
49%
Clarx H.A.Y 47M
49%
LFZ Popsicle 31M
49%
K-391, Gjermund Olstad Earth 41M
47%
Vanze, Brenton Mattheus Forever 47M
47%
Emma Sameth, Zeus x Crona, Heuse Pill 43M
47%
Aero Chord, DDark Shootin Stars 76M
47%
SUS Whales, Jo Cohen, Lusil We Are 112M
47%
Clarx Zig Zag 23M
47%
Max Brhon Cyberpunk 36M
44%
Dirty Palm, Lex Blaze Freakshow 37M
44%
Unknown Brain, Marvin Divine, Bri Tolani Say Goodbye 43M
44%
Lost Sky, Jex Where We Started 76M
44%
Kisma Fingertips 28M
42%
Tobu Seven 26M (before remove)
42%
Anikdote Turn It Up 61M
42%
Ship Wrek, Zookeepers, Trauzers Vessel 25M
42%
JPB, Ashley Apollodor Defeat The Night 38M
40%
Barren Gates Devil 25M
40%
Valence Infinite 21M
40%
Tobu Life 39M (before remove)
40%
Different Heaven Safe And Sound 38M
40%
Paul Flint Savage 22M
40%
NIVIRO, Eliza The Ghost 37M
40%
Fareoh Under Water 21M
40%
Prismo Weakness 31M
40%
Jim Yosef Arrow 23M
37%
Lensko Cetus 27M
37%
Giraffe Squad Wait For Me 28M
37%
Axol, The Tech Thieves Bleed 22M
35%
Jim Yosef Eclipse 30M
35%
Alex Skrindo Jumbo 25M
35%
Unknown Brain, Heather Sommer Perfect 10 28M
35%
Distrion, Electro-Light Rubik 22M
35%
Barren Gates, M.I.M.E Enslaved 22M
33%
Unknown Brain, Aviella Inspiration 27M
33%
it's different, Miss Mary Shadows 22M
33%
Alex Skrindo, Distrion Entropy 22M
30%
Spektrum, Sara Skinner Keep You 27M
30%
Rival, Cadmium, Harley Bird Seasons (Futuristik & Whogaux Remix) 27M
30%
Jim Yosef, Anna Yvette Can't Wait 22M
28%
IZECOLD, Molly Ann Close (Brooks Remix) 23M
28%
Krys Talk, Cole Sipe Way Back Home 26M
28%
No matching quizzes found
Score Distribution
Percent of People with Each Score
Percentile by Number Answered
Your Score History
You have not taken this quiz